00730cam a22001814a 4500020001500000040000800015082002600023100001700049245006200066260003600128300002700164856006000191856006700251856005900318942000700377999001700384952014700401 a0471638609 cDLC00a338 WIL 2004 A065 Or.1 aBriody, Dan.14aThe Halliburton agenda :bthe politics of oil and money / aHoboken, N.J. :bWiley,cc2004. axiii, 290 p. ;c24 cm.42uhttp://www.loc.gov/catdir/bios/wiley047/2004002217.html42uhttp://www.loc.gov/catdir/description/wiley041/2004002217.html41uhttp://www.loc.gov/catdir/toc/ecip0414/2004002217.html cEK c14326d14326 0010406338_000000000000000_WIL_2004_A065_OR70966354aLBAbLBAcA065d2017-10-12o338 WIL 2004 A065 Or.pA19659r2017-10-12w2017-10-12yEK